[Event "Yerevan ol (Women)"]
[Site "Yerevan"]
[Date "1996.??.??"]
[Round "9"]
[White "Wang Lei"]
[Black "Peptan, Corina"]
[Result "0-1"]
[WhiteElo "2340"]
[BlackElo "2395"]

1.d4 Nf6 2.c4 e6 3.Nc3 Bb4 4.Qc2 O-O 5.a3 Bxc3+ 6.Qxc3 b6 7.Bg5 Bb7 8.e3 d6
9.f3 c5 10.Bd3 Nbd7 11.Ne2 Rc8 12.b4 h6 13.Bh4 d5 14.dxc5 bxc5 15.b5 Ne4
16.Bxd8 Nxc3 17.Be7 Rfe8 18.Bd6 dxc4 19.Bxc4 Nb6 20.Bd3 Nca4 21.Be5 c4 22.Bc2 Rc5
23.Bd4 Rxb5 24.e4 Ra5 25.O-O e5 26.Be3 c3 27.Rfc1 Rc8 28.Bxa4 Nxa4 29.Rab1 Ba6
30.Kf2 c2 31.Rb3 Rc7 32.Ke1 Rb5 33.Rxb5 Bxb5 34.Ra1 Nb2 35.Nc1 Rd7 36.Bd2 Ba4
37.h3 Nc4 38.Bc3 Rd1+ 39.Ke2 f6 40.h4 Kf7 41.h5 Ke7 42.Kf2 Kd6 43.Ke2 Kc6
44.g3 Nd6 45.Bb2 Kc5 46.Nd3+ Kc4 47.Nc1 Nb5 48.f4 Nc3+ 49.Kf3 Bc6 50.fxe5 fxe5
51.Ke3 Bxe4 52.a4 Bc6 53.a5 a6 54.g4 Bd7 55.Kf3 e4+ 56.Ke3 Bxg4 57.Ra3 Nd5+  0-1

[Event "Yerevan ol (Men)"]
[Site "Yerevan"]
[Date "1996.??.??"]
[Round "11"]
[White "Dautov, Rustem"]
[Black "Hjartarson, Johann"]
[Result "0-1"]
[WhiteElo "2615"]
[BlackElo "2565"]

1.d4 Nf6 2.c4 e6 3.Nc3 Bb4 4.Qc2 O-O 5.a3 Bxc3+ 6.Qxc3 b6 7.Bg5 c5 8.dxc5 bxc5
9.e3 d6 10.Bd3 Nbd7 11.Nf3 Bb7 12.O-O a5 13.Nd2 Ra6 14.f3 Qa8 15.b3 Rb6 16.Bc2 Bc6
17.Rac1 Rfb8 18.a4 Rb4 19.Nb1 d5 20.Na3 e5 21.Nb5 dxc4 22.bxc4 e4 23.f4 Ne8
24.Bb3 Nb6 25.Be7 Nxa4 26.Bxa4 Rxa4 27.Rb1 Bxb5 28.cxb5 Rb4 29.Qxc5 R8xb5
30.Qxb5 Rxb5 31.Rxb5 Nc7 32.Rb2 h6 33.Bd6 Na6 34.Ra1 Qc6 35.Be5 Nb4 36.Bd4 Qc4
37.h3 Nc6 38.Bb6 Qc3 39.Rbb1 Kh7 40.Kh2 Qd3 41.Rd1 Qa6 42.Rdb1 g5 43.fxg5 hxg5
44.Ra3 f6 45.Rc3 Ne5 46.Kh1 Kg6 47.Bd4 Nc6 48.Bc5 g4 49.hxg4 Ne5 50.g5 Kxg5
51.Bd4 Ng4 52.Kg1 Qd6 53.Kf1 Qg3 54.Rb2 Nh2+ 55.Ke2 Qxg2+ 56.Kd1 Qf1+ 57.Kc2 Nf3
58.Ba7 Ne1+ 59.Kb3 Nd3 60.Rbc2 Qb1+ 61.Ka3 Qa1+ 62.Kb3 a4+ 63.Kc4 Qf1 64.Rh2 Qb1
65.Bd4 Qb7 66.Bc5 Ne5+  0-1

[Event "Zaragoza op"]
[Site "Zaragoza"]
[Date "1996.??.??"]
[Round "1"]
[White "Pogorelov, Ruslan"]
[Black "Suba, Mihai"]
[Result "1/2-1/2"]
[WhiteElo "2440"]
[BlackElo "2565"]

1.d4 Nf6 2.c4 e6 3.Nc3 Bb4 4.Qc2 O-O 5.a3 Bxc3+ 6.Qxc3 b6 7.Nf3 Bb7 8.e3 d6
9.Bd3 Nbd7 10.O-O a5 11.b3 Ra7 12.Bb2 Qa8 13.Ne1 c5 14.f3 cxd4 15.Qxd4 Nc5
16.Bc2 Rd8 17.Qh4 e5 18.Rd1 Bc6 19.f4 Be4 20.fxe5 dxe5 21.Bxe4 Ncxe4 22.Rxd8+ Qxd8
23.Bxe5 Rd7 24.Nf3 Rd3 25.Ng5 Nxg5 26.Qxg5 h6 27.Qf4 Rxb3 28.Bxf6 gxf6 29.h3 Qe7
30.Qxh6 Qxe3+ 31.Qxe3 Rxe3 32.Rxf6 Rxa3 33.Rxb6 Rc3 34.Ra6 Rxc4 35.Rxa5 Kg7
36.Kf2 Kg6 37.g4 Rc2+ 38.Kg3 Rc3+ 39.Kg2 Rc2+ 40.Kg3 Rc3+ 41.Kh4 f6  1/2-1/2

[Event "RUS-Cup4"]
[Site "Perm"]
[Date "1997.02.09"]
[Round "2"]
[White "Kiriakov, Petr"]
[Black "Prokopchuk, Evgeny"]
[Result "1/2-1/2"]
[WhiteElo "2530"]
[BlackElo "2440"]

1.d4 Nf6 2.c4 e6 3.Nc3 Bb4 4.Qc2 O-O 5.a3 Bxc3+ 6.Qxc3 Ne4 7.Qc2 f5 8.Nh3 Nc6
9.e3 d6 10.f3 Ng5 11.Nf2 e5 12.d5 Ne7 13.Bd2 c6 14.dxc6 Nxc6 15.Be2 Be6 16.O-O Rc8
17.Bc3 Na5 18.b3 b5 19.f4 Nf7 20.fxe5 bxc4 21.b4 Nb3 22.Rad1 Qe7 23.exd6 Nxd6
24.a4 Rfd8 25.Bf3 Nf7 26.e4 Ng5 27.exf5 Nxf3+ 28.gxf3 Qg5+ 29.Kh1 Qxf5 30.Ne4 Rxd1
31.Qxd1 Rf8 32.Rf2 Qf4 33.Qg1 g6 34.Qg3 Qxg3 35.hxg3 h6 36.Rh2 h5 37.Kg2 Nc1
38.g4 Ne2 39.Be5 c3 40.gxh5 c2 41.hxg6 Nf4+ 42.Bxf4 Rxf4 43.Rh1 Rf8 44.Rc1 Rc8
45.Kf2 Kg7 46.Ke3 Kxg6 47.Kd2 Rc4 48.Rxc2 Rxb4 49.Rc6 Kf5 50.Ra6 Rb2+ 51.Ke3 Rb3+
52.Kd4 Ra3 53.Nc3 Bd7 54.a5 Kf4 55.Rxa7 Kxf3 56.a6 Kf4 57.Nd5+ Kf5 58.Ra8 Ke6
59.Nb4 Kd6 60.Rb8 Ra5 61.Rb7 Bc8 62.Rh7 Bd7 63.Rg7 Ra4 64.Kc4 Ra5  1/2-1/2

[Event "St Petersburg-ch"]
[Site "St Petersburg"]
[Date "1997.03.09"]
[Round "5"]
[White "Ivanov, Sergey"]
[Black "Aseev, Konstantin N"]
[Result "1/2-1/2"]
[WhiteElo "2515"]
[BlackElo "2530"]

1.d4 Nf6 2.c4 e6 3.Nc3 Bb4 4.Qc2 O-O 5.a3 Bxc3+ 6.Qxc3 d6 7.Bg5 h6 8.Bh4 g5
9.Bg3 Ne4 10.Qc2 f5 11.e3 Qf6 12.Bd3 Nxg3 13.hxg3 e5 14.O-O-O Nc6 15.d5 Ne7
16.f4 Bd7 17.fxe5 dxe5 18.e4 f4 19.gxf4 Qxf4+ 20.Kb1 Kg7 21.Nf3 Ng6 22.c5 Rf6
23.Nd2 Qf2 24.Nf1  1/2-1/2

[Event "RUS-Cup9"]
[Site "Novgorod"]
[Date "1997.06.11"]
[Round "1"]
[White "Khatov, Anton"]
[Black "Yakovich, Yuri"]
[Result "1/2-1/2"]
[WhiteElo "2360"]
[BlackElo "2575"]

1.d4 Nf6 2.c4 e6 3.Nc3 Bb4 4.Qc2 O-O 5.a3 Bxc3+ 6.Qxc3 b6 7.Bg5 Bb7 8.f3 h6
9.Bh4 d5 10.cxd5 exd5 11.e3 Re8 12.Nh3 c5 13.Bb5 Bc6 14.Be2 g5 15.Bf2 cxd4
16.Qxd4 Bd7 17.Qd2 Nc6 18.Ng1 Na5 19.Qd1 Qc7 20.Rc1 Qe5 21.b4 Nc4 22.Bxc4 dxc4
23.Ne2 Rad8 24.O-O b5 25.e4 Bc8 26.Bd4 Qe6 27.Qc2 Nd7 28.Nc3 Ne5 29.Rcd1 Nd3
30.Nd5 Bb7 31.Nf6+ Kf8 32.Qc3 Rd7 33.Nh7+ Kg8 34.Nf6+ Kf8 35.Nh7+ Kg8 36.Nf6+ Kf8  1/2-1/2

[Event "Drury Lane"]
[Site "London"]
[Date "1997.06.23"]
[Round "8"]
[White "Pedersen, Steffen"]
[Black "Aagaard, Jacob"]
[Result "0-1"]
[WhiteElo "2420"]
[BlackElo "2440"]

1.d4 Nf6 2.c4 e6 3.Nc3 Bb4 4.Qc2 O-O 5.a3 Bxc3+ 6.Qxc3 b6 7.Bg5 Ba6 8.e3 d6
9.Bd3 Nbd7 10.Ne2 c5 11.b4 h6 12.Bh4 cxd4 13.exd4 Rc8 14.Qb3 e5 15.Rc1 e4
16.Bb1 d5 17.b5 dxc4 18.Rxc4 Rxc4 19.Qxc4 Bb7 20.O-O Qa8 21.Nc3 a6 22.Re1 axb5
23.Nxb5 Qa5 24.Qb4 Qxb4 25.axb4 Ra8 26.h3 Ra4 27.Nd6 Bd5 28.Nxe4 Rxb4 29.Nxf6+ Nxf6
30.Bxf6 gxf6 31.Be4 Rxd4 32.Bxd5 Rxd5 33.Re8+ Kg7 34.Rb8 b5 35.Kh2 Kg6 36.g4 f5
37.Rb6+ Kg5 38.gxf5 f6 39.Kg3 Kxf5 40.f3 Ke5 41.h4 h5 42.Rb8 Rc5 43.Rd8 b4
44.Rb8 Rc4 45.Rb5+ Kd4 46.Rxh5 b3 47.Rb5 Kc3 48.h5 b2 49.h6 Kc2 50.h7 Rc8
51.Kg4 Rh8 52.Kf5 Rxh7 53.Kxf6 Rh3 54.Rxb2+ Kxb2 55.f4 Kc3 56.f5 Re3 57.Kg7 Rg3+
58.Kf7 Kd4 59.Ke6 Re3+ 60.Kd6 Rf3 61.Ke6 Re3+ 62.Kd6 Ra3 63.f6 Ra7 64.Ke6 Ra6+
65.Kf5 Kd5 66.f7 Ra8  0-1

[Event "Politiken Cup"]
[Site "Copenhagen"]
[Date "1997.07.14"]
[Round "9"]
[White "Hillarp Persson, Tiger"]
[Black "Ochsner, Thomas"]
[Result "1-0"]
[WhiteElo "2445"]
[BlackElo "2305"]

1.d4 Nf6 2.c4 e6 3.Nc3 Bb4 4.Qc2 O-O 5.a3 Bxc3+ 6.Qxc3 b6 7.Bg5 Ba6 8.Nf3 d6
9.e3 Nbd7 10.b4 h6 11.Bh4 g5 12.Bg3 Ne4 13.Qc2 f5 14.Nd2 Bb7 15.Nxe4 Bxe4
16.Qd2 Qf6 17.f3 Bb7 18.Be2 f4 19.Bf2 g4 20.exf4 gxf3 21.gxf3 a5 22.Rg1+ Kh8
23.b5 Qxf4 24.Rg6 Qxd2+ 25.Kxd2 Rf6 26.Rag1 Raf8 27.Bh4 Rxg6 28.Rxg6 e5 29.d5 Nc5
30.Rf6 Kg7 31.Rxf8 Kxf8 32.Bd8 Na4 33.Bxc7 Ke7 34.Bd1 Kd7 35.Bb8 Nc5 36.Bc2 Ke7
37.Bc7 Nd7 38.Bf5 Bc8 39.Kc3 a4 40.Kb4 h5 41.h4  1-0

[Event "Politiken Cup"]
[Site "Copenhagen"]
[Date "1997.07.16"]
[Round "11"]
[White "Petersen, Steen"]
[Black "Adamski, Jan"]
[Result "0-1"]
[WhiteElo "2140"]
[BlackElo "2390"]

1.d4 Nf6 2.c4 e6 3.Nc3 Bb4 4.Qc2 O-O 5.a3 Bxc3+ 6.Qxc3 Ne4 7.Qc2 f5 8.Nh3 d6
9.f3 Nf6 10.e3 e5 11.dxe5 dxe5 12.c5 Qe7 13.Bc4+ Kh8 14.b4 a5 15.Bb2 axb4
16.axb4 Rxa1+ 17.Bxa1 Nc6 18.Qc3 f4 19.b5 Bxh3 20.bxc6 Bxg2 21.Rg1 Bxf3 22.cxb7 Qxc5
23.Rg5 Bxb7 24.Rxe5 Qc6 25.e4 Qb6 26.Qd4 Qb1+ 27.Kd2 Bxe4 28.Qc3 Rd8+ 29.Ke2 Qd1+
30.Kf2 Ng4+  0-1

[Event "Komercni Banka op"]
[Site "Pardubice"]
[Date "1997.07.22"]
[Round "6"]
[White "Stohl, Igor"]
[Black "Oral, Tomas"]
[Result "1-0"]
[WhiteElo "2565"]
[BlackElo "2435"]

1.c4 Nf6 2.Nc3 e6 3.d4 Bb4 4.Qc2 O-O 5.a3 Bxc3+ 6.Qxc3 Ne4 7.Qc2 f5 8.Nh3 b6
9.f3 Nf6 10.e3 c5 11.dxc5 bxc5 12.b4 cxb4 13.axb4 Qc7 14.Be2 Ba6 15.Qb3 Rc8
16.b5 Bb7 17.Ba3 Qb6 18.O-O Na6 19.Qc3 Nc5 20.Bb4 d5 21.Ba5 Qd6 22.Rfd1 Qe7
23.Qa3 dxc4 24.Bxc4 Qe8 25.Rac1 Kh8 26.Be2 Ncd7 27.Qd6 Nd5 28.Nf4 Nxf4 29.exf4 Nf6
30.Rc7 Rd8 31.Qc5 Rxd1+ 32.Bxd1 Rd8 33.Be2 Rd5 34.Qe3 Ba6 35.Qa3 Rxb5 36.Bxb5 Qxb5
37.h3 h6 38.Rxa7 Qf1+ 39.Kh2 Bc4 40.Bb4 Nh5 41.Rxg7  1-0

[Event "Politiken Cup"]
[Site "Copenhagen"]
[Date "1997.07.??"]
[Round "4"]
[White "Schandorff, Lars"]
[Black "El Kher, Henrik"]
[Result "1-0"]
[WhiteElo "2505"]
[BlackElo "2305"]

1.d4 Nf6 2.c4 e6 3.Nc3 Bb4 4.Qc2 O-O 5.a3 Bxc3+ 6.Qxc3 b6 7.Bg5 d6 8.f3 c5
9.dxc5 bxc5 10.O-O-O Nc6 11.Bxf6 gxf6 12.e3 Qe7 13.Ne2 Rb8 14.Nf4 Rb6 15.Bd3 Ne5
16.Nh5 f5 17.Bc2 f6 18.f4 Nd7 19.Rhg1 Qf7 20.g4 Kh8 21.h3 Bb7 22.Ng3 Ba8
23.Rd2 Rfb8 24.Ba4 Bc6 25.Bd1 d5 26.gxf5 d4 27.exd4 cxd4 28.Qxd4 e5 29.fxe5 Nxe5
30.Be2 R6b7 31.Qf4 Qf8 32.Qe3 Rb3 33.Qxa7 R8b7 34.Qa5 Rd7 35.Rxd7 Bxd7 36.Ne4 Nc6
37.Qc5 Qf7 38.Qd6 Rxh3 39.Qxf6+ Qxf6 40.Nxf6 Bxf5 41.Rg8+  1-0

[Event "MK Cafe op-A"]
[Site "Koszalin"]
[Date "1997.08.04"]
[Round "2"]
[White "Sarwinski, Miroslaw"]
[Black "Jurkiewicz, Krzysztof"]
[Result "0-1"]
[WhiteElo "2390"]
[BlackElo "2275"]

1.d4 Nf6 2.c4 e6 3.Nc3 Bb4 4.Qc2 O-O 5.Bg5 h6 6.Bh4 d6 7.a3 Bxc3+ 8.Qxc3 Nbd7
9.f3 c5 10.e3 e5 11.d5 Re8 12.e4 Nf8 13.Bf2 Nh5 14.g3 Bd7 15.Bd3 a6 16.Ne2 Ng6
17.h4 Qf6 18.Bc2 b5 19.b3 a5 20.cxb5 Bxb5 21.Qe3 Bd7 22.Kf1 Bb5 23.Bd3 Reb8
24.Kg2 Rb7 25.Rhb1 Rab8 26.Be1 Bxd3 27.Qxd3 Qxh4 28.gxh4 Nhf4+ 29.Nxf4 Nxf4+
30.Kf1 Nxd3 31.Bxa5 Rxb3 32.Rxb3 Rxb3 33.Ke2 c4 34.Kd2 Nc5 35.Bb4 Rxb4 36.axb4 Nb3+
37.Kc3 Nxa1 38.b5 Nb3 39.Kxc4 Na5+ 40.Kb4 Nb7 41.b6 Kf8 42.Kb5 Ke7 43.Kc6 Nd8+
44.Kc7 h5 45.f4 exf4 46.e5 dxe5  0-1

[Event "MK Cafe op-A"]
[Site "Koszalin"]
[Date "1997.08.05"]
[Round "4"]
[White "Shishkin, Vadim"]
[Black "Szymanski, Marcin"]
[Result "1-0"]
[WhiteElo "2405"]
[BlackElo "2180"]

1.d4 e6 2.c4 Nf6 3.Nc3 Bb4 4.Qc2 O-O 5.a3 Bxc3+ 6.Qxc3 b6 7.b4 Bb7 8.Bb2 a5
9.b5 d6 10.f3 Nbd7 11.e3 e5 12.Bd3 Qe7 13.d5 Nc5 14.Bc2 Nh5 15.Ne2 f5 16.O-O-O Rae8
17.Rde1 Bc8 18.g3 Nf6 19.Rhf1 Bd7 20.Kb1 e4 21.f4 Qf7 22.Nd4 Re7 23.h3 Qh5
24.Rh1 Qg6 25.Rhg1 h5 26.Rg2 Kf7 27.Qd2 Rh8 28.Reg1 Ree8 29.Ne2 Reg8 30.Bd4 Nb7
31.Nc3 Qh6 32.Bd1 g5 33.fxg5 Rxg5 34.Ne2 Rhg8 35.Nf4 Ke7 36.h4 Rg4 37.Bxg4 Nxg4
38.Qc3 Nd8 39.Rf1 Nf7 40.Ne2 Qh7 41.Nf4 Qh6 42.Nh3 Qg6 43.a4 Qh6 44.Ka2 Qg6
45.Kb3 Qh6 46.Qd2 Rc8 47.Rd1 Rg8 48.Qe1 Rc8 49.Re2 Rg8 50.Qf1 Qg6 51.Rg2 Qh6
52.Qf4 Qg6 53.Bc3 Kd8 54.Ng1 Bc8 55.Ne2 Nfe5 56.Nd4 Nd3 57.Rxd3 exd3 58.Nc6+ Ke8
59.Qd4 Kf7 60.Qxd3 Re8 61.Bd2 Bd7 62.Nd4 Re4 63.Qe2 Kg8 64.Rg1 Qe8 65.Re1 Qe5
66.Qf3 Kf8 67.Nc2 Ke8 68.Bc3 Qe7 69.Bd4 Kd8 70.Re2 Kc8 71.Ne1 Qe8 72.Nd3 Re7
73.Nf4 Rh7 74.e4 fxe4 75.Qxe4 Qxe4 76.Rxe4 Bf5 77.Re8+ Kd7 78.Rg8 Nh2 79.Rg5 Bg4
80.Rg8 Nf3 81.Ne6  1-0

[Event "MK Cafe op-A"]
[Site "Koszalin"]
[Date "1997.08.06"]
[Round "5"]
[White "Malaniuk, Vladimir P"]
[Black "Forintos, Gyozo V"]
[Result "1-0"]
[WhiteElo "2615"]
[BlackElo "2440"]

1.d4 e6 2.c4 Nf6 3.Nc3 Bb4 4.Qc2 O-O 5.a3 Bxc3+ 6.Qxc3 b6 7.Bg5 Bb7 8.e3 c5
9.dxc5 bxc5 10.f3 Re8 11.Nh3 h6 12.Bh4 e5 13.O-O-O a5 14.Nf2 Qb6 15.Qc2 a4
16.Qf5 Ra6 17.Bd3 g6 18.Qxf6 Qxf6 19.Bxf6 Rxf6 20.Be4 Bxe4 21.Nxe4 Rc6 22.Rd5 Kf8
23.Rhd1 f5 24.Nxc5 Rec8 25.Nxa4 Rxc4+ 26.Nc3 R4c5 27.Kc2 Ke7 28.Rxc5 Rxc5
29.b4 Rc8 30.b5 d6 31.a4 Nd7 32.a5 Nc5 33.Ra1 Kd7 34.a6 Kc7 35.Nd5+ Kb8 36.a7+ Kb7
37.Nb6 Kxb6 38.a8=Q Rxa8 39.Rxa8 Kxb5 40.Rh8  1-0

[Event "MK Cafe op-A"]
[Site "Koszalin"]
[Date "1997.08.09"]
[Round "8"]
[White "Shishkin, Vadim"]
[Black "Mazalon, Mariusz"]
[Result "1/2-1/2"]
[WhiteElo "2405"]
[BlackElo "2220"]

1.d4 Nf6 2.c4 e6 3.Nc3 Bb4 4.Qc2 O-O 5.a3 Bxc3+ 6.Qxc3 b6 7.Bg5 h6 8.Bh4 Ba6
9.e3 d5 10.Nf3 Nbd7 11.Bd3 c5 12.cxd5 Bxd3 13.Qxd3 exd5 14.dxc5 bxc5 15.O-O Qb6
16.Rab1 a5 17.b3 Rab8 18.Rfd1 Rb7 19.Qc2 Re8 20.Bg3 Qe6 21.Nd2 Nh5 22.Nf1 Nxg3
23.Nxg3 Reb8 24.Ne2 Qe4 25.Qxe4 dxe4 26.Rbc1 Nf6 27.Rxc5 Rxb3 28.a4 Rd3 29.Rf1 Rb2
30.Ng3 Ra2 31.Rxa5 Rda3 32.h3 Rxa4 33.Rxa4 Rxa4 34.Rd1 g6 35.Kf1 Kf8 36.Rd2 Ke7
37.Ke2 Ke6 38.Rb2 Nd5 39.Kd2 f5 40.Ne2 Ke5 41.Nd4 f4 42.Nc2  1/2-1/2

[Event "FRA-ch"]
[Site "Narbonne"]
[Date "1997.08.17"]
[Round "3"]
[White "Hauchard, Arnaud"]
[Black "Bauer, Christian"]
[Result "0-1"]
[WhiteElo "2485"]
[BlackElo "2525"]

1.d4 Nf6 2.c4 e6 3.Nc3 Bb4 4.Qc2 O-O 5.a3 Bxc3+ 6.Qxc3 Qe8 7.g3 d6 8.Nf3 a5
9.b3 a4 10.b4 b5 11.c5 Bb7 12.Bg2 Be4 13.Qe3 Qc6 14.O-O Qd5 15.Bb2 Nc6 16.Rfc1 Ne7
17.Bf1 Qh5 18.h3 Ned5 19.Qd2 h6 20.Qe1 Bxf3 21.exf3 Rab8 22.Kg2 Qg6 23.Qd2 Nh7
24.Re1 f5 25.Rad1 Rfe8 26.Bd3 Ng5 27.h4 Nf7 28.Kh2 Qh5 29.Qe2 g5 30.Kg2 gxh4
31.Rh1 Ng5 32.f4 h3+ 33.Kf1 Nf3 34.Qc2 h2 35.Kg2 Nxf4+ 36.gxf4 Re7 37.d5 e5
38.Kf1 Rg7 39.Qc1 Rg1+ 40.Ke2 Nd4+ 41.Kd2 Rxh1  0-1

[Event "ST Lee Cup 4th"]
[Site "Beijing"]
[Date "1997.08.25"]
[Round "3"]
[White "Alterman, Boris"]
[Black "Li Wenliang"]
[Result "1-0"]
[WhiteElo "2615"]
[BlackElo "2410"]

1.d4 Nf6 2.c4 e6 3.Nc3 Bb4 4.Qc2 O-O 5.a3 Bxc3+ 6.Qxc3 b6 7.Bg5 Bb7 8.e3 d6
9.f3 Nbd7 10.Bd3 c5 11.Ne2 h6 12.Bh4 Rc8 13.b4 d5 14.dxc5 bxc5 15.b5 Qc7
16.O-O e5 17.Bf5 d4 18.Qd2 Rce8 19.e4 Kh8 20.Nc1 g5 21.Nd3 Rg8 22.a4 Nf8
23.Bg3 Ng6 24.a5 Qd6 25.Qb2 g4 26.Qa3 gxf3 27.Qxc5 Qb8 28.Rae1 fxg2 29.Rf3 Nh5
30.a6 Ba8 31.Re2 Nxg3 32.hxg3 f6 33.Nf2 h5 34.Nd3 Rg7 35.Rxg2 Ne7 36.Nf2 Reg8
37.Be6 Rf8 38.Rh2 Rh7 39.Bf5 Nxf5 40.Rxf5 Rg8 41.Rfxh5 Rxg3+ 42.Kf1 Rg7 43.Rxh7+ Rxh7
44.Rxh7+ Kxh7 45.Qe7+ Kg6 46.Qd7 Qf8 47.Qf5+ Kg7 48.Ng4 Qf7 49.Kf2 Qe7 50.c5 Bxe4
51.Qxe4 Qxc5 52.Qc6  1-0

[Event "ST Lee Cup 4th"]
[Site "Beijing"]
[Date "1997.08.27"]
[Round "4"]
[White "Atalik, Suat"]
[Black "Xu Yuhua"]
[Result "1-0"]
[WhiteElo "2590"]
[BlackElo "2335"]

1.d4 Nf6 2.c4 e6 3.Nc3 Bb4 4.Qc2 O-O 5.a3 Bxc3+ 6.Qxc3 Ne4 7.Qc2 f5 8.Nf3 b6
9.g3 Bb7 10.Bg2 Nf6 11.Bg5 Be4 12.Qd2 Qe8 13.Rc1 d6 14.Bxf6 Rxf6 15.O-O Nd7
16.b4 e5 17.dxe5 Nxe5 18.Nxe5 Bxg2 19.Kxg2 dxe5 20.Qd5+ Kh8 21.Rfd1 h6 22.c5 a5
23.cxb6 cxb6 24.b5 Rb8 25.Rc6 Qe7 26.Qd7 Qf8 27.Qc7 Rf7 28.Qxe5 f4 29.Rxh6+ Kg8
30.Re6 Rf5 31.Qc3 Rxb5 32.Rd7 Rg5 33.Qc4 Kh8 34.Ree7 b5 35.Qd4 Qf6 36.Qxf6 gxf6
37.Rb7 Rxb7 38.Rxb7 fxg3 39.hxg3 Rc5 40.e4 a4 41.Kf3 Kg8 42.Ke3 Rc3+ 43.Kf4 Rc5
44.g4 Kf8 45.Ke3 Rc3+ 46.Kd4 Rxa3 47.Rxb5 Kf7 48.Rf5 Kg6 49.e5 fxe5+ 50.Kxe5 Rb3
51.Kf4 a3 52.Ra5 Rb4+ 53.Kg3 Rb3+ 54.f3 Rc3 55.Kf4 Rc4+ 56.Ke5 Kg5 57.Rxa3 Rf4
58.Ke6 Rf6+ 59.Ke7 Rf4 60.Rd3 Kg6 61.Rc3 Rf6 62.Re3 Rf7+ 63.Ke6 Rf8 64.Kd5 Rf4
65.Kd6 Kg5 66.Ke5 Rf8 67.Kd4 Rd8+ 68.Ke4 Ra8 69.Re2 Kh4 70.Kf5 Rf8+ 71.Kg6 Rg8+
72.Kf7 Ra8 73.Re5 Ra3 74.Rh5+ Kg3 75.Rf5 Kh4 76.Kg6 Ra6+ 77.Rf6 Ra5 78.Kh6 Ra8
79.Rf5 Ra6+ 80.Kg7 Ra7+ 81.Kf6 Ra6+ 82.Ke5 Ra5+ 83.Ke4 Ra4+ 84.Kd3 Ra3+ 85.Kc4 Ra4+
86.Kb5 Ra8 87.g5 Kh5 88.f4 Rc8 89.Rf6 Rc1 90.g6 Kh6 91.f5 Kg7 92.Rf7+ Kg8
93.Kb6 Rc2 94.Kb7 Rc1 95.Rc7 Rf1 96.Rc5 Kg7 97.Kc8 Kf6 98.Kd8 Rf2 99.Rc6+ Kxf5
100.Ke7 Ra2 101.Kf8 Ra8+ 102.Kg7 Ra7+ 103.Kh8 Ra1 104.g7 Rh1+ 105.Kg8 Ke5
106.Rg6 Kf5 107.Kf7  1-0

[Event "Budapest FS09 IM"]
[Site "Budapest"]
[Date "1997.09.07"]
[Round "2"]
[White "Varga, Peter"]
[Black "Eperjesi, Laszlo"]
[Result "1/2-1/2"]
[WhiteElo "2395"]
[BlackElo "2340"]

1.d4 Nf6 2.c4 e6 3.Nc3 Bb4 4.Qc2 O-O 5.a3 Bxc3+ 6.Qxc3 b6 7.Bg5 Bb7 8.e3 d6
9.f3 Nbd7 10.Bd3 h6 11.Bh4 c5 12.dxc5 bxc5  1/2-1/2

[Event "Budapest FS10 IM-A"]
[Site "Budapest"]
[Date "1997.10.08"]
[Round "4"]
[White "Hoang Than Trang"]
[Black "Held, Markus"]
[Result "1-0"]
[WhiteElo "2350"]
[BlackElo "2315"]

1.d4 Nf6 2.c4 e6 3.Nc3 Bb4 4.Qc2 O-O 5.a3 Bxc3+ 6.Qxc3 b6 7.Bg5 Bb7 8.e3 d6
9.f3 Nbd7 10.Bd3 c5 11.Ne2 Rc8 12.Qb3 h6 13.Bh4 cxd4 14.exd4 d5 15.O-O dxc4
16.Bxc4 Nb8 17.Rac1 Qe7 18.Rfd1 Rfd8 19.Qe3 Nc6 20.Nc3 Nd5 21.Qf2 g5 22.Bxd5 exd5
23.Bg3 Na5 24.Re1 Qd7 25.f4 f6 26.fxg5 fxg5 27.Re3 Nc4 28.Rf3 Rf8 29.Re1 Rxf3
30.Qxf3 Rf8 31.Qh5 Qg7 32.Ne2 Qf6 33.h3 Nd2 34.Kh2 Nf1+ 35.Rxf1 Qxf1 36.Qg6+  1-0

[Event "London"]
[Site "London"]
[Date "1997.10.18"]
[Round "1"]
[White "Pedersen, Steffen"]
[Black "Gormally, Daniel"]
[Result "1-0"]
[WhiteElo "2435"]
[BlackElo "2425"]

1.d4 Nf6 2.c4 e6 3.Nc3 Bb4 4.Qc2 O-O 5.a3 Bxc3+ 6.Qxc3 b6 7.Bg5 h6 8.Bh4 d5
9.e3 Bb7 10.cxd5 Bxd5 11.Nf3 Nbd7 12.Ne5 Nxe5 13.dxe5 Ne4 14.Bxd8 Nxc3 15.Bxc7 Rfc8
16.Bd6 Na4 17.Ba6 Rc2 18.O-O Rxb2 19.Rfc1 Rb3 20.Rab1 Rxb1 21.Rxb1 Nc5 22.Bxc5 bxc5
23.f3 Rd8 24.Rc1 Rb8 25.e4 Bc6 26.Rxc5 Rb6 27.Be2 Kf8 28.Kf2 Ke7 29.Ra5 Rb7
30.Ke3 Kd8 31.Kd4 Rb2 32.Bc4 Rxg2 33.Rxa7 Bd7 34.Kc5 Rc2 35.a4 Rxh2 36.a5 Rh1
37.a6 Ra1 38.Kd6 Rd1+ 39.Bd5 Bc8 40.Rxf7 Ke8 41.Re7+ Kf8 42.a7  1-0

[Event "London"]
[Site "London"]
[Date "1997.10.19"]
[Round "3"]
[White "Pedersen, Steffen"]
[Black "Lalic, Bogdan"]
[Result "0-1"]
[WhiteElo "2435"]
[BlackElo "2600"]

1.d4 Nf6 2.c4 e6 3.Nc3 Bb4 4.Qc2 O-O 5.a3 Bxc3+ 6.Qxc3 b6 7.Bg5 Ba6 8.Nf3 d6
9.Nd2 Nbd7 10.e3 Rc8 11.b4 c5 12.dxc5 bxc5 13.b5 Bb7 14.f3 d5 15.a4 h6 16.Bh4 Re8
17.Bd3 d4 18.Qc2 Ne5 19.e4 Ng6 20.Bf2 Nd7 21.g3 Nde5 22.Bf1 f5 23.f4 Ng4
24.Bg2 e5 25.O-O exf4 26.exf5 Bxg2 27.Kxg2 fxg3 28.hxg3 N6e5 29.Rae1 Nxf2
30.Rxf2 Ng4 31.Rxe8+ Qxe8 32.Qe4 Nxf2 33.Kxf2 Qxe4 34.Nxe4 Re8 35.Nd2 d3  0-1

[Event "London"]
[Site "London"]
[Date "1997.10.23"]
[Round "8"]
[White "Pedersen, Steffen"]
[Black "Wells, Peter K"]
[Result "1/2-1/2"]
[WhiteElo "2435"]
[BlackElo "2530"]

1.d4 Nf6 2.c4 e6 3.Nc3 Bb4 4.Qc2 O-O 5.a3 Bxc3+ 6.Qxc3 b6 7.Bg5 Bb7 8.Nf3 h6
9.Bh4 d6 10.Nd2 c5 11.dxc5 bxc5 12.e3 Nbd7 13.f3 a5 14.Bd3 Qb6 15.O-O d5
16.Bf2 Bc6 17.Rfe1 Rfe8 18.Rab1 a4 19.cxd5 exd5 20.e4 d4 21.Qc2 Ne5 22.Bc4 Qa5
23.Bf1 Nfd7 24.Rec1 Rab8 25.Bg3 Bb5 26.b4 cxb4 27.Rxb4 Bxf1 28.Rxa4 d3 29.Rxa5 dxc2
30.Kxf1 Rbc8 31.Rd5 Rc3 32.Ke2 g5 33.Nf1 f6 34.Ne3 Rec8 35.Rd2 Rxa3 36.Rdxc2 Rb8
37.Rc8+ Rxc8 38.Rxc8+ Kf7 39.Rc2 h5 40.Nf5 h4 41.Bxe5 Nxe5 42.Ne3 h3 43.g3 Ra1
44.f4 gxf4 45.gxf4 Ng6 46.Kf3 Ra3 47.Re2 Ra1 48.Rb2 Ra3 49.Re2 Ra1 50.Ng4 Rg1
51.f5 Nh4+ 52.Kf4 Kg7 53.Rd2 Ng2+ 54.Kg3 Ne3+ 55.Kf2 Rxg4 56.Kxe3 Kh6 57.Rf2 Kg5
58.Rf3 Kh4 59.e5 Kg5 60.e6 Ra4 61.Kf2 Kg4 62.Re3  1/2-1/2

[Event "HUN-ch"]
[Site "Budapest"]
[Date "1997.10.29"]
[Round "8"]
[White "Chernin, Alexander"]
[Black "Pinter, Jozsef"]
[Result "1/2-1/2"]
[WhiteElo "2640"]
[BlackElo "2590"]

1.d4 Nf6 2.c4 e6 3.Nc3 Bb4 4.Qc2 O-O 5.a3 Bxc3+ 6.Qxc3 b6 7.Bg5 Bb7 8.Nh3 d5
9.cxd5 exd5 10.e3 Nbd7 11.Bd3 c5 12.f3 h6 13.Bh4 Rc8 14.O-O Re8 15.Rfe1 g5
16.Bg3 Nh5 17.Nf2 Nxg3 18.hxg3 Nf6 19.Rad1 Qd6 20.dxc5 bxc5 21.Bf5 Rc7 22.g4 Qb6
23.e4 Rce7 24.exd5 Nxd5 25.Rxe7 Rxe7 26.Qd2 c4 27.Be4 Nf6 28.Qd8+ Qxd8 29.Rxd8+ Kg7
30.Bxb7 Rxb7 31.Nd1 Rd7 32.Rxd7 Nxd7 33.Ne3 Nb6 34.Kf1 Kf6 35.Ke2 Ke5 36.g3 f6
37.Kd2 Kd4 38.Nf5+ Kd5 39.Nxh6 Nd7 40.Nf5 Ne5 41.Ne3+ Kd4 42.Nf5+ Kd5 43.Ke3 a5
44.Nd4 Nd3 45.Ne2 Nxb2 46.Nc3+ Kc5 47.Ne4+ Kb5 48.Nc3+ Kc5 49.f4 Kd6 50.Ne4+ Ke6
51.fxg5 c3 52.gxf6 c2 53.Kd2 Nc4+ 54.Kxc2 Nxa3+ 55.Kb3 Nb5 56.Ka4 Nd4 57.Kxa5 Nc6+
58.Kb5 Ne5 59.g5 Kf5 60.Nd6+ Kxg5 61.Ne8 Kg6 62.Kc5 Nd7+  1/2-1/2

[Event "WchT 4th"]
[Site "Luzern"]
[Date "1997.10.30"]
[Round "6"]
[White "Pelletier, Yannick"]
[Black "Palac, Mladen"]
[Result "1/2-1/2"]
[WhiteElo "2465"]
[BlackElo "2575"]

1.d4 Nf6 2.c4 e6 3.Nc3 Bb4 4.Qc2 O-O 5.a3 Bxc3+ 6.Qxc3 b6 7.Bg5 Ba6 8.e3 d6
9.Bd3 Nbd7 10.Nf3 c5 11.O-O Rc8 12.d5 exd5 13.cxd5 Bxd3 14.Qxd3 Qe7 15.Rad1 c4
16.Qd4 Qe4 17.Bf4 Qe7 18.Rfe1 Rfe8 19.h3 Ne5 20.Bxe5 dxe5 21.Qd2 Ne4 22.Qc2 Nd6
23.Nd2 e4 24.Nb1 b5 25.b4 cxb3 26.Qxb3 a5 27.Rc1 Qb7 28.Red1 h6 29.Rc6 Rxc6
30.dxc6 Qxc6 31.Qd5 Rc8 32.Qxd6 Qxd6 33.Rxd6 Rc1+ 34.Kh2 Rxb1 35.Rd4 f5 36.Rd5 g6
37.a4 bxa4 38.Rxa5 Rb7  1/2-1/2

[Event "Hellir op"]
[Site "Reykjavik"]
[Date "1997.10.30"]
[Round "7"]
[White "Hillarp Persson, Tiger"]
[Black "Stefansson, Hannes"]
[Result "1/2-1/2"]
[WhiteElo "2445"]
[BlackElo "2545"]

1.d4 Nf6 2.c4 e6 3.Nc3 Bb4 4.Qc2 O-O 5.a3 Bxc3+ 6.Qxc3 b6 7.Bg5 Bb7 8.Nf3 h6
9.Bh4 g5 10.Bg3 Ne4 11.Qc2 f5 12.e3 d6 13.Nd2 Nxg3 14.hxg3 Qf6 15.O-O-O Nd7
16.Rh2 c5 17.d5 Ne5 18.Be2 exd5 19.Rdh1 Kg7 20.Rxh6 Qxh6 21.Rxh6 Kxh6 22.f4 Nxc4
23.fxg5+ Kxg5 24.Nxc4 dxc4 25.Qxc4 Be4 26.Qe6 d5 27.Qe7+ Kg6 28.Bh5+ Kxh5
29.Qh7+ Kg5 30.Qg7+  1/2-1/2

[Event "Hellir op"]
[Site "Reykjavik"]
[Date "1997.10.31"]
[Round "8"]
[White "Hillarp Persson, Tiger"]
[Black "Vidarsson, Jon G"]
[Result "1-0"]
[WhiteElo "2445"]
[BlackElo "2380"]

1.d4 Nf6 2.c4 e6 3.Nc3 Bb4 4.Qc2 O-O 5.a3 Bxc3+ 6.Qxc3 b6 7.Bg5 Bb7 8.Nf3 h6
9.Bh4 d6 10.Nd2 c5 11.f3 Nbd7 12.dxc5 bxc5 13.e3 a5 14.Bd3 Qb6 15.O-O Rfe8
16.Rfd1 e5 17.Bf5 g6 18.Bh3 Qc7 19.Qc2 Kg7 20.Nb1 Nh7 21.Nc3 Bc6 22.Qd2 f5
23.Qxd6 Qb7 24.e4 Ra6 25.exf5 gxf5 26.Bxf5 Ndf6 27.Bxh7 Nxh7 28.Rd2 Rb6 29.Re1 Ba4
30.Qxc5 Rxb2 31.Rxb2  1-0

[Event "RUS-Cup01 Chigorin mem"]
[Site "St Petersburg"]
[Date "1997.11.03"]
[Round "3"]
[White "Sirotkina, Nina"]
[Black "Brodsky, Michail"]
[Result "0-1"]
[WhiteElo "2310"]
[BlackElo "2545"]

1.d4 Nf6 2.c4 e6 3.Nc3 Bb4 4.Qc2 O-O 5.a3 Bxc3+ 6.Qxc3 d6 7.Bg5 b6 8.e3 Nbd7
9.Nf3 Bb7 10.Be2 c5 11.dxc5 bxc5 12.Nd2 a5 13.O-O Ra6 14.b3 Qa8 15.f3 Rb8
16.Bd3 Rb6 17.Bc2 Bc6 18.Rab1 Qa7 19.Rfd1 Ba8 20.Bh4 Rc8 21.Nf1 d5 22.cxd5 Nxd5
23.Qd3 f5 24.Bg3 a4 25.Nd2 axb3 26.Bxb3 f4 27.Bxd5 exd5 28.Bxf4 Ra6 29.Nc4 Rf8
30.Ra1 Re6 31.Kh1 Bc6 32.Nb2 Kh8 33.Qc3 Qa8 34.Nd3 d4 35.exd4 Bxf3 36.d5 Bxd5
37.Qd2 Be4 38.Bg3 Ra6 39.Nf4 Nf6 40.Qb2 Qc8 41.Rac1 Bb7 42.Nd3 Ne4 43.Be5 Rg6
44.Nf4 Rg5 45.Rf1 Rff5 46.Rb1 Ba6 47.h4 Rg4 48.Rfe1 Ng3+ 49.Kh2 h5 50.Qb8 Qxb8
51.Rxb8+ Kh7 52.Nh3 Ne2 53.Ng5+ Rfxg5 54.hxg5 Rh4+  0-1